01243 a2200205 45000010006000000050017000060080041000230030015000640400040000790800039001192450039001580200022001972500012002192640031002313000023002625050619002850410008009041000026009128560099009385927620260407155846.0260407a2022 arg spa dAR-UNSa-BCEJYS aAR-UNSa-BCEJYSbspacAR-UNSa-BCEJYS a657.6xAuditoria (control interno)10aAuditoríapconceptos y métodos a978-987-4055-29-3 a7a. ed. 1aRosario :bFoja Ceroc2022 axv, 523 p.c29 cm. a1. La auditoría de estados financieros - 2. El proceso de la auditoría, la evidencia y su documentación - 3. Acuerdo del encargo, planeamiento e importancia relativa - 4. Identificación y evaluación de riesgos - 5. Respuesta a los riesgos identificados y evaluados. Los procedimientos de auditoria - 6. Procedimientos de auditoria por ciclos – 7. Trabajos finales del auditor y las normas de gestión de calidad - 8. El informe del auditor sobre los estados financieros - 9. Otros trabajos e informes del auditor - 10. Sindicatura de sociedades y auditoría externa - 11. Responsabilidad del auditor  aspa1 aLattuca, Antonio Juan41uhttps://www.biblioeco.unsa.edu.ar/pmb/images/libros/L129034.jpgyImagen de portadaqimage/jpeg